| 000 | 00796nam a2200229 a 4500 | ||
|---|---|---|---|
| 001 | 62429 | ||
| 003 | BD-RjUL | ||
| 005 | 20211209081102.0 | ||
| 008 | 170124s1979 bg 000 0 eng | ||
| 020 | _c: Tk 30.00 | ||
| 035 | _a(BD-RjUL)62555 | ||
| 040 |
_aDLC _cDLC _dDLC _dBD-RjUL _beng |
||
| 041 | _aeng | ||
| 082 |
_223 _a304.6095492021 _bPAB 1979 (DCR) |
||
| 110 | 1 |
_aBangladesh Bureau of Statistics _9179266 |
|
| 245 | 1 | 0 |
_aPopulation census of Bangladesh, 1974 : _bDistrict census report, Pabna / _cBangladesh Bureau of Statistics |
| 260 |
_aDacca : _bBangladesh Bureau of Statistics _c1979. |
||
| 300 |
_aiv, [4], 170 p. _bIll. ; _c29 cm. |
||
| 651 |
_aBangladesh _zPabna _vCensus, 1974. _9185673 |
||
| 651 |
_aBangladesh _zPabna _xPopulation _vStatistics. _y1974. _9185674 |
||
| 942 |
_2ddc _cRAR |
||
| 999 |
_c62429 _d62429 |
||